000 00977nam a2200265 a 4500
005 20240306163813.0
007 ta
008 240306s2012 enk 000|0 eng d
020 _a9780414025615 (pbk.) :
_c£12.00
020 _a041402561X (pbk.) :
_c£12.00
035 _a(UkOxU)019376652
035 _a(UkOxU)019376652BIB01
035 _a(UK-WkNB)9780414025615
035 _a(StEdALDL)1/2863001
040 _aUK-WkNB
_beng
_cUK-WkNB
_dUkOxU
082 0 4 _a346.7102
_223
110 2 _aJoint Contracts Tribunal.
245 1 0 _aTendering 2012.
246 1 3 _aPractice note :
_btendering
260 _aLondon :
_bSweet & Maxwell,
_c2012.
300 _aii, 21 p. ;
_c30 cm.
500 _aTitle from cover.
500 _a"This JCT Tendering Practice Note 2012 is a revised edition of the original JCT Practice Note 6, published in 2002 as a successor to the NJCC Codes of Procedure for selective tendering" -- p. 1.
650 0 _aConstruction contracts
_zGreat Britain
_vForms.
999 _c121823
_d121823